<?xml version="1.0" encoding="UTF-8"?>
<marc:record xmlns:marc="http://www.loc.gov/MARC21/slim">
   <marc:leader>00000nam a2200000 a 4500</marc:leader>
   <marc:datafield ind1="1" ind2=" " tag="100">
      <marc:subfield code="a">Boven, Yvette van</marc:subfield>
      <marc:subfield code="4">ctb</marc:subfield>
      <marc:subfield code="e">Mitwirkende/-r</marc:subfield>
   </marc:datafield>
   <marc:datafield ind1="1" ind2=" " tag="100">
      <marc:subfield code="a">Verschuren, Oof</marc:subfield>
      <marc:subfield code="4">ctb</marc:subfield>
      <marc:subfield code="e">Mitwirkende/-r</marc:subfield>
   </marc:datafield>
   <marc:datafield ind1="1" ind2=" " tag="100">
      <marc:subfield code="a">Schulhof, Linda Marie</marc:subfield>
      <marc:subfield code="4">trl</marc:subfield>
      <marc:subfield code="e">Übersetzer/-in</marc:subfield>
   </marc:datafield>
   <marc:datafield ind1=" " ind2=" " tag="653">
      <marc:subfield code="a">Kochen</marc:subfield>
   </marc:datafield>
   <marc:datafield ind1=" " ind2=" " tag="653">
      <marc:subfield code="a">Backen</marc:subfield>
   </marc:datafield>
   <marc:datafield ind1=" " ind2=" " tag="653">
      <marc:subfield code="a">Kuchen</marc:subfield>
   </marc:datafield>
   <marc:datafield ind1=" " ind2=" " tag="653">
      <marc:subfield code="a">Lecker</marc:subfield>
   </marc:datafield>
   <marc:datafield ind1=" " ind2=" " tag="653">
      <marc:subfield code="a">Rezepte</marc:subfield>
   </marc:datafield>
   <marc:datafield ind1=" " ind2=" " tag="653">
      <marc:subfield code="a">Softcover / Ratgeber/Essen</marc:subfield>
   </marc:datafield>
   <marc:datafield ind1=" " ind2=" " tag="653">
      <marc:subfield code="a">Trinken/Allgemeine Kochbücher</marc:subfield>
   </marc:datafield>
   <marc:datafield ind1=" " ind2=" " tag="653">
      <marc:subfield code="a">Grundkochbücher</marc:subfield>
   </marc:datafield>
   <marc:datafield ind1="0" ind2="0" tag="245">
      <marc:subfield code="a">Home Made - Sommer</marc:subfield>
   </marc:datafield>
   <marc:datafield ind1="0" ind2="0" tag="245">
      <marc:subfield code="c">Yvette van Boven. Fotogr. von Oof Verschuren. [Übers.: Linda Marie Schulhof</marc:subfield>
   </marc:datafield>
   <marc:datafield ind1=" " ind2="1" tag="264">
      <marc:subfield code="a">Köln</marc:subfield>
      <marc:subfield code="b">DuMont</marc:subfield>
      <marc:subfield code="c">2013</marc:subfield>
   </marc:datafield>
   <marc:datafield ind1=" " ind2=" " tag="250">
      <marc:subfield code="a">Dt. Ausg.</marc:subfield>
   </marc:datafield>
   <marc:datafield ind1="1" ind2=" " tag="520">
      <marc:subfield code="a">Angaben aus der Verlagsmeldung

Home Made. Sommer Home Made. Sommer Home Made. Sommer / von Yvette Boven

Was gibt es Schöneres als die lauschigen Sommerabende, die wir mit unseren besten Freunden verbringen – wenn wir uns stundenlang unterhalten, dabei gemeinsam essen und trinken und die heißen Tage ausklingen lassen?
Weil Hollands beliebteste Köchin Yvette van Boven die sommerliche Jahreszeit genauso gerne mag, hat sie ihr einen eigenen Band gewidmet. Inspiriert von Aufenthalten in der Provence verrät sie ihre Lieblingsrezepte für ausgedehnte Grillbuffets, raffinierte Salate, erfrischende Getränke und Desserts. Schnell und einfach zubereitet und wahnsinnig lecker: Macarons mit Himbeermascarpone, Mango-Koriander-Eistee, weiße Gazpacho, Tomatensalat mit hausgemachtem Ricotta und gefüllten Zucchiniblüten, gegrillte Rippchen mit Jalapeño-Apfel-Dip oder Gremolata und und und.
Nach ›Home Made. Natürlich hausgemacht‹ und ihrem erfolgreichen Winterwohlfühlbuch ›Home Made. Winter‹ hat Yvette auch ›Sommer‹ gemeinsam mit ihrem Mann Oof Verschuren zusammengestellt – wie immer ist Selbermachen das Motto: Alle Rezepte, Fotos, Illustrationen und das Layout stammen aus der Feder des sympathischen Gespanns.
</marc:subfield>
   </marc:datafield>
   <marc:datafield ind1=" " ind2=" " tag="020">
      <marc:subfield code="a">9783832194680</marc:subfield>
      <marc:subfield code="9">9783832194680</marc:subfield>
   </marc:datafield>
   <marc:datafield ind1=" " ind2=" " tag="020">
      <marc:subfield code="a">3832194681</marc:subfield>
      <marc:subfield code="9">3832194681</marc:subfield>
   </marc:datafield>
   <marc:datafield ind1=" " ind2=" " tag="041">
      <marc:subfield code="a">ger</marc:subfield>
   </marc:datafield>
   <marc:datafield ind1=" " ind2=" " tag="300">
      <marc:subfield code="a">256 S.</marc:subfield>
   </marc:datafield>
</marc:record>
